000 01485nam a2200337 i 4500
001 000019802
003 DO-SdBPM
005 20260417114715.0
006 a||||gr|||| 00| 0
007 ta
008 100707e2004 dr r 001 0 spa d
040 _aDO-SdBNP
_bspa
_cBPMSU
_erda
082 4 _a348.04
_bR426r 1977
_222
110 1 _aRepública Dominicana.
_bSuprema Corte de Justicia
245 1 0 _aRecopilación jurisprudencial integrada de las decisiones de la Suprema Corte de Justicia de la República Dominicana. Años 1975-1976 :
_bPresentación alfabética, cronológica y por materias de las sentencias en materia penal y procedimento penal /
_c L. Almanzor Gonzalez Cahahuate
264 1 _aSanto Domingo :
_bPaz,
_c1977
300 _aXLII, 98 páginas ;
_c22 cm.
336 _2rdacontent
_atexto
_btxt
337 _2rdamedia
_asin mediación
_bn
338 _2rdacarrier
_avolumen
_bnc
500 0 _aIncluye datos biográficos del autor.-
500 0 _aIncluye apéndice.-
500 0 _aIncluye referencias bibliográficas y notas al pie de páginas.-
590 _aInventariado 2025 /VM
650 4 _aJurisprudencia
_zRepública Dominicana
_xRecopilaciones, repertorios, etc.
650 4 _aSentencias
_zRepública Dominicana
_xRecopilaciones, repertorios, etc.
700 _aPellerano Gómez , Juan Manuel ,
_eprólogo.
700 _aGónzalez Canahuate, L. Almanzor,
_d[1935-]
_ecompilador
910 _aVMateo V. Control de calidad. BPMSU
942 _2ddc
_cBK
999 _c15107
_d15107